000 01408nam a2200313 4500
003 EG-GICUC
005 20260121101155.0
008 251107s1953 ua ||||fr|||| 00| 0 ara d
040 _a EG-GICUC
_bara
_c EG-GICUC
_d EG-GICUC
_erda
041 0 _aara
082 0 4 _221
_a341.84
_bع ز . ق
092 0 4 _221
099 _aLaw1 12 341.84 ع ز . ق 1953
100 0 _aعز الدين عبد الله
_eمؤلف.
245 1 2 _aالقانون الدولي الخاص المصري:
_cعز الدين عبد الله .
_pفي تنازع القوانين وتنازع الاختصاص القضائي الدوليين:تنازع القوانين
_nالجزء الثاني. : القسم الاول
264 1 _aالقاهرة :
_bمكتبة النهضة المصرية،
_c1953.
300 _a485؛صفحة
_c24 سم
_bإيضاحيات، صور، مثيليات ؛
336 _2rda content
_atext
337 _2rda media
_aComputer
338 _2rda carrier
_aOnline Resource
504 _aيحتوي على اراجاعات ببليوجرافية
546 _aالنص أغلبه باللغة العربية مع بعض النصوص الفرنسية
650 1 _aالقانون الدولى الخاص
_zمصر
_2qrmak
650 1 _aتنازع القوانين
_2qrmak
651 1 _2qrmak
856 4 0 _uhttps://fll.law.cu.edu.eg/fulltext/bks/B12-00109.pdf
905 _a75
942 _2ddc
_n0
_cBK
_e21
999 _c41668
_d41668